[Event "Nordkalottens Hurtigturnering-Gr2"]
[Site "Gilleleje, DEN"]
[Date "2022.11.06"]
[Round "2"]
[White "Koch, Søren Andreas"]
[Black "Andersen, Peter Vestergaard"]
[Result "1-0"]
[WhiteElo "2173"]
[BlackElo "1766"]

1.d4 d5 2.Nf3 Bf5 3.c4 c6 4.Nc3 e6 5.Qb3 Qb6 6.Bf4 Qxb3 7.axb3 Nd7 8.e3 
Ngf6 9.c5 Be7 10.b4 O-O 11.b5 Nh5 12.bxc6 bxc6 13.Bc7 Rfc8 14.Ba5 Rcb8 15.
b4 Bd8 16.Bxd8 Rxd8 17.b5 cxb5 18.Bxb5 Nhf6 19.Kd2 Ne4+ 20.Nxe4 Bxe4 21.c6
Bxf3 22.gxf3 Nb6 23.Rhc1 Nc4+ 24.Bxc4 dxc4 25.Rxc4 a6 26.Kc3 Kf8 27.Ra5 
Rdc8 28.e4 Ra7 29.d5 Ke7 30.Kd4 f6 31.Kc5 exd5 32.exd5 Rb8 33.d6+ Ke6 34.
Re4+ Kf5 35.c7 Rc8 36.Kc6+ Kg6 37.Rea4 Kf7 38.Rxa6 Rxa6+ 39.Rxa6 1-0

[Event "Nordkalottens Hurtigturnering-Gr2"]
[Site "Gilleleje, DEN"]
[Date "2022.11.06"]
[Round "2"]
[White "Sørensen, Esben Lauge"]
[Black "Skovgaard, Ib"]
[Result "1-0"]
[WhiteElo "1941"]
[BlackElo "1802"]

1.d4 d5 2.Nf3 Nf6 3.c4 c6 4.Nc3 e6 5.Bg5 dxc4 6.e4 b5 7.e5 h6 8.Bh4 g5 9.
Nxg5 hxg5 10.Bxg5 Nbd7 11.g3 Rh5 12.Bxf6 Nxf6 13.exf6 Rd5 14.Bg2 Rxd4 15.
Bxc6+ Bd7 16.Qf3 Rb8 17.O-O Rd3 18.Qe4 a6 19.Rfd1 Bc5 20.Rxd3 cxd3 21.
Bxd7+ Qxd7 22.Rd1 d2 23.Qf4 Rd8 24.Ne4 Qd4 25.Rxd2 Qb4 26.Rxd8+ Kxd8 27.
Qb8+ Kd7 28.Qb7+ Kd8 29.Nxc5 Qxc5 30.Qe7+ Qxe7 31.fxe7+ Kxe7 32.h4 e5 33.
Kf1 Kf6 34.Ke2 Kf5 35.Ke3 f6 36.f3 Ke6 37.b4 f5 38.g4 f4+ 39.Ke4 Kd6 40.g5
Ke6 41.h5 1-0

[Event "Nordkalottens Hurtigturnering-Gr2"]
[Site "Gilleleje, DEN"]
[Date "2022.11.06"]
[Round "2"]
[White "Knudsen, Jes Jacob West"]
[Black "Fischer, Bent Bolvinkel"]
[Result "1-0"]
[WhiteElo "1906"]
[BlackElo "1898"]

1.e4 c5 2.b4 cxb4 3.Bb2 Nc6 4.Nf3 d6 5.d4 Bg4 6.d5 Nb8 7.a3 Nd7 8.axb4 Qb6
9.Nbd2 Ngf6 10.c3 g6 11.Nc4 Qc7 12.Qc2 Bxf3 13.gxf3 Bg7 14.Nd2 O-O 15.c4 
b6 16.Be2 b5 17.Ra6 bxc4 18.O-O Qb7 19.Bxc4 Rfc8 20.b5 Nb6 21.Qb3 Qd7 22.
Rfa1 Bh6 23.Bd4 Nxc4 24.Nxc4 Qh3 25.Be3 Qxf3 26.Nd2 Qg4+ 27.Kh1 Bxe3 28.
Qxe3 Qh5 29.f3 Kg7 30.b6 Rc2 31.R6a2 Rxa2 32.Rxa2 Nd7 33.Rxa7 Rc8 34.Rxd7 
Rc1+ 35.Kg2 Qh4 36.Nf1 Rc2+ 37.Kh1 Qh3 38.Qd3 Rxh2+ 39.Nxh2 Qxd7 40.Qa6 
Qh3 41.b7 Qg3 42.b8=Q Qe1+ 43.Qf1 1-0

[Event "Nordkalottens Hurtigturnering-Gr2"]
[Site "Gilleleje, DEN"]
[Date "2022.11.06"]
[Round "2"]
[White "Nielsen, Kai Gylling"]
[Black "Ramkilde, Mikael"]
[Result "0-1"]
[WhiteElo "1759"]
[BlackElo "1871"]

1.e4 e6 2.b3 d5 3.exd5 exd5 4.d4 Be6 5.Nf3 Nf6 6.h3 Bd6 7.Bg5 h6 8.Bh4 g5 
9.Bg3 Bxg3 10.fxg3 Qd6 11.Ne5 Nbd7 12.Qe2 Ne4 13.Nd2 Nxg3 14.Qf3 Nxh1 15.
g3 Nxe5 16.Qxh1 Nc6 17.Qg1 O-O-O 18.Qf2 Rhe8 19.Kd1 Qb4 20.Nf3 g4 21.Qd2 
gxf3 22.Qxb4 Nxb4 23.c3 Nc6 24.Kd2 Rg8 25.g4 f5 26.Re1 Bd7 27.gxf5 Bxf5 
28.Re3 Be4 29.h4 Rg2+ 30.Bxg2 fxg2 31.Rg3 Ne7 32.Ke1 Nf5 33.Rg4 Nxh4 34.
Kf2 Nf5 35.c4 c6 36.cxd5 cxd5 37.Kg1 h5 38.Rg5 h4 39.Rh5 Nxd4 0-1

[Event "Nordkalottens Hurtigturnering-Gr2"]
[Site "Gilleleje, DEN"]
[Date "2022.11.06"]
[Round "3"]
[White "Andersen, Peter Vestergaard"]
[Black "Nielsen, Kai Gylling"]
[Result "1/2-1/2"]
[WhiteElo "1766"]
[BlackElo "1759"]

1.e4 c5 2.Nf3 Nc6 3.c3 Nf6 4.e5 Nd5 5.d4 cxd4 6.cxd4 e6 7.Be2 Bb4+ 8.Bd2 
Qb6 9.Bxb4 Qxb4+ 10.Qd2 O-O 11.a3 Qe7 12.Nc3 Nxc3 13.Qxc3 d5 14.O-O Bd7 
15.Rac1 Rac8 16.Qd2 f5 17.Rc3 Nb8 18.Rfc1 Rxc3 19.Rxc3 Nc6 20.h3 a6 21.Qc1
Rc8 22.b4 Qd8 23.Rc5 Na7 24.Rxc8 Qxc8 25.Qxc8+ Nxc8 26.Nd2 Ba4 27.f4 Nb6 
28.Kf2 Kf7 29.Ke3 Bc2 30.Bd3 Bxd3 31.Kxd3 Na4 32.Nb3 b5 33.Nc5 Nxc5+ 34.
bxc5 Ke7 35.a4 b4 36.a5 Kd7 37.Kc2 Kc6 38.Kb3 Kb5 39.c6 Kxc6 40.Kxb4 h6 
41.h4 h5 42.g3 g6 43.Ka4 Kb7 44.Kb4 Kc6 45.Ka4 1/2-1/2

[Event "Nordkalottens Hurtigturnering-Gr2"]
[Site "Gilleleje, DEN"]
[Date "2022.11.06"]
[Round "3"]
[White "Fischer, Bent Bolvinkel"]
[Black "Sørensen, Esben Lauge"]
[Result "0-1"]
[WhiteElo "1898"]
[BlackElo "1941"]

1.e4 c5 2.Nf3 a6 3.d4 cxd4 4.Nxd4 Nf6 5.Nc3 e5 6.Nf5 d5 7.Bg5 d4 8.Bxf6 
Qxf6 9.Nd5 Qc6 10.Ng3 f5 11.Bd3 f4 12.Qh5+ Kd8 13.Qg5+ Kd7 14.Qf5+ Kd8 15.
Qg5+ Kd7 16.Nh5 Qd6 17.O-O Kc6 18.c3 h6 19.Qh4 g5 20.cxd4 gxh4 21.Rac1+ 
Kd7 22.Nhf6+ Kd8 23.dxe5 Qxe5 24.Rfd1 Nc6 25.Be2 Bd6 26.Nh5 Nd4 27.Nhxf4 
Nxe2+ 28.Nxe2 Qxh2+ 29.Kf1 h3 30.Nef4 hxg2+ 31.Ke2 Bg4+ 32.f3 g1=Q+ 0-1

[Event "Nordkalottens Hurtigturnering-Gr2"]
[Site "Gilleleje, DEN"]
[Date "2022.11.06"]
[Round "3"]
[White "Ramkilde, Mikael"]
[Black "Knudsen, Jes Jacob West"]
[Result "0-1"]
[WhiteElo "1871"]
[BlackElo "1906"]

1.e4 d5 2.exd5 Nf6 3.d4 Bg4 4.f3 Bf5 5.c4 e6 6.g4 Bxb1 7.Rxb1 Bb4+ 8.Kf2 
O-O 9.g5 Nh5 10.f4 g6 11.Be2 Ng7 12.Nf3 exd5 13.c5 c6 14.h4 Ba5 15.Ne5 Bc7
16.Bg4 f5 17.Be2 Bxe5 18.dxe5 Qa5 19.b4 Qc7 20.h5 b6 21.hxg6 hxg6 22.Rb3 
bxc5 23.bxc5 Nd7 24.Qc2 Qa5 25.Ba3 Kf7 26.Bb4 Qc7 27.Rh7 Rh8 28.Rxg7+ Kxg7
29.e6 Qxf4+ 30.Kg1 Qxg5+ 31.Kf2 Qh4+ 32.Ke3 Qg5+ 33.Kd3 Rh3+ 0-1

[Event "Nordkalottens Hurtigturnering-Gr2"]
[Site "Gilleleje, DEN"]
[Date "2022.11.06"]
[Round "4"]
[White "Koch, Søren Andreas"]
[Black "Fischer, Bent Bolvinkel"]
[Result "1-0"]
[WhiteElo "2173"]
[BlackElo "1898"]

1.d4 d5 2.Nf3 Nf6 3.c4 e6 4.Nc3 Bb4 5.Bg5 O-O 6.e3 h6 7.Bxf6 Qxf6 8.Qb3 
Nc6 9.Rc1 dxc4 10.Bxc4 b6 11.O-O Bb7 12.d5 Ne5 13.Nxe5 Qxe5 14.Qxb4 exd5 
15.Be2 c5 16.Qg4 d4 17.Nd1 Rad8 18.Qg3 Qe7 19.Bf3 Ba6 20.exd4 Bxf1 21.Kxf1
cxd4 22.Be2 Rfe8 23.Qd3 Rd6 24.b3 Re6 25.Rc2 Qf6 26.g3 a5 27.Kg2 Re4 28.
Bf3 Re1 29.Rc4 Rd8 30.Nb2 Re7 31.Rc6 Re6 32.Rxe6 Qxe6 33.Qd2 Qf6 34.Nd3 g5
35.Qe2 Kf8 36.Qe4 Re8 37.Qd5 Rd8 38.Qb7 Rd6 39.a3 Kg7 40.b4 axb4 41.axb4 
Re6 42.Be4 Re7 43.Qd5 Re8 44.f4 Rc8 45.fxg5 hxg5 46.Qf5 Rc2+ 47.Nf2 Qe7 
1-0

[Event "Nordkalottens Hurtigturnering-Gr2"]
[Site "Gilleleje, DEN"]
[Date "2022.11.06"]
[Round "4"]
[White "Andersen, Peter Vestergaard"]
[Black "Skovgaard, Ib"]
[Result "0-1"]
[WhiteElo "1766"]
[BlackElo "1802"]

1.e4 Nf6 2.e5 Nd5 3.d4 d6 4.c4 Nb6 5.exd6 cxd6 6.Nf3 g6 7.Bd3 Bg7 8.O-O 
O-O 9.Be3 Bg4 10.h3 Bxf3 11.Qxf3 d5 12.cxd5 Nxd5 13.Nc3 e6 14.Be4 Nc6 15.
Nxd5 exd5 16.Bxd5 Nxd4 17.Bxd4 Bxd4 18.Rad1 Qb6 19.b3 Rad8 20.Bxb7 Bxf2+ 
21.Rxf2 Rxd1+ 22.Qxd1 Qxb7 23.Rd2 Qc7 24.Rd7 Qc5+ 25.Qd4 Qxd4+ 26.Rxd4 Rc8
27.Rd7 a5 28.Rd5 Rc1+ 29.Kh2 a4 30.Rd4 axb3 31.axb3 Rb1 32.Rb4 h5 33.Rb8+ 
Kg7 34.b4 h4 35.b5 g5 36.b6 f5 37.Rb7+ Kg6 38.Rb8 g4 39.hxg4 fxg4 40.Rg8+ 
Kf5 41.Rh8 g3+ 0-1

[Event "Nordkalottens Hurtigturnering-Gr2"]
[Site "Gilleleje, DEN"]
[Date "2022.11.06"]
[Round "4"]
[White "Sørensen, Esben Lauge"]
[Black "Ramkilde, Mikael"]
[Result "0-1"]
[WhiteElo "1941"]
[BlackElo "1871"]

1.e4 d6 2.d4 Nf6 3.Nc3 g6 4.Be3 c6 5.f3 Qc7 6.Qd2 Nbd7 7.Nge2 b5 8.a3 Nb6 
9.b3 e5 10.Ng3 h5 11.Bd3 h4 12.Nge2 a5 13.a4 b4 14.Nd1 exd4 15.Nxd4 Bg7 
16.O-O Nbd7 17.Rc1 Ne5 18.Be2 Bd7 19.Nb2 d5 20.c4 dxe4 21.fxe4 Nxe4 22.Qc2
Nc3 23.Bf3 Nxf3+ 24.Rxf3 O-O 25.Nd1 Nxd1 26.Rxd1 Bg4 27.Rf4 Bxd1 28.Qxd1 
Qe5 29.Qf3 Rae8 30.Nc2 Bh6 31.Rxh4 Bxe3+ 32.Kf1 Qc3 33.Qh3 Qd3+ 34.Ke1 
Qd2+ 35.Kf1 0-1

[Event "Nordkalottens Hurtigturnering-Gr2"]
[Site "Gilleleje, DEN"]
[Date "2022.11.06"]
[Round "4"]
[White "Nielsen, Kai Gylling"]
[Black "Knudsen, Jes Jacob West"]
[Result "1/2-1/2"]
[WhiteElo "1759"]
[BlackElo "1906"]

1.Nf3 f5 2.d4 Nf6 3.Nc3 d6 4.Bg5 Nbd7 5.e3 h6 6.Bxf6 Nxf6 7.h3 g6 8.Bc4 e6
9.Qe2 d5 10.Bd3 Ne4 11.Ne5 Qg5 12.Bxe4 fxe4 13.Qg4 Qxg4 14.hxg4 Rg8 15.
O-O-O c6 16.Ne2 Bg7 17.f4 g5 18.Rh3 gxf4 19.exf4 Bxe5 20.fxe5 Rxg4 21.g3 
Bd7 22.Rxh6 O-O-O 23.Rdh1 Rf8 24.Rh8 Rxh8 25.Rxh8+ Kc7 26.Rh7 b6 27.b3 c5 
28.a4 Rg5 29.c3 Kc6 30.Rh6 Bc8 31.b4 Bd7 32.b5+ Kc7 33.Rh7 Kd8 34.Rh8+ Kc7
35.Rh7 Kc8 36.Rh8+ Kb7 37.Rh7 Kc7 38.Nf4 Rxg3 39.Nxe6+ Kc8 40.Rh8+ Kb7 41.
Rh7 Rxc3+ 42.Kb2 cxd4 43.Rxd7+ Kb8 44.Nxd4 Rc4 45.Nc6+ Kc8 46.Rxd5 e3 47.
e6 Re4 48.Rd1 Rxe6 49.Nxa7+ Kb7 50.Nc6 Re4 51.Re1 Kc7 52.Re2 Kd6 53.Kb3 
Kc5 54.Rc2+ Kd5 55.Re2 Kc5 56.Rc2+ Kd5 57.Re2 Kc5 1/2-1/2

[Event "Nordkalottens Hurtigturnering-Gr2"]
[Site "Gilleleje, DEN"]
[Date "2022.11.06"]
[Round "5"]
[White "Fischer, Bent Bolvinkel"]
[Black "Andersen, Peter Vestergaard"]
[Result "1-0"]
[WhiteElo "1898"]
[BlackElo "1766"]

1.e4 e6 2.d4 d5 3.Nc3 Nf6 4.Bg5 Be7 5.e5 Nfd7 6.Bxe7 Qxe7 7.f4 a6 8.Nf3 c5
9.Bd3 Nc6 10.dxc5 Nxc5 11.O-O Nxd3 12.Qxd3 b5 13.a3 Bb7 14.Ne2 O-O 15.c3 
f5 16.Ned4 Nxd4 17.Nxd4 Rfc8 18.Rf3 Qd7 19.Rh3 Rc7 20.Qg3 Re8 21.Qh4 g6 
22.Qg3 Qe7 23.Rh5 Qg7 24.Rg5 Bc8 25.h4 Qh6 26.h5 Rg7 27.hxg6 Rxg6 28.Rxg6+
Qxg6 29.Qh4 Bd7 30.Rf1 Qg4 31.Qxg4+ fxg4 32.Kf2 Kg7 33.Kg3 h5 34.Rh1 Kg6 
35.Kf2 Rf8 36.g3 Rb8 37.Ra1 Rb7 38.Ke3 a5 39.Nb3 a4 40.Nc5 Rc7 41.Kd3 Bc8 
42.Kd4 Rc6 43.Rb1 Rb6 1-0

[Event "Nordkalottens Hurtigturnering-Gr2"]
[Site "Gilleleje, DEN"]
[Date "2022.11.06"]
[Round "5"]
[White "Skovgaard, Ib"]
[Black "Nielsen, Kai Gylling"]
[Result "0-1"]
[WhiteElo "1802"]
[BlackElo "1759"]

1.e4 e5 2.Nf3 Nc6 3.Nc3 Nf6 4.Be2 Bc5 5.Nxe5 Bxf2+ 6.Kxf2 Nxe5 7.d4 Ng6 8.
e5 Ng8 9.Rf1 d6 10.Kg1 dxe5 11.d5 N8e7 12.Bg5 h6 13.Be3 O-O 14.Qd2 Bf5 15.
Rad1 a6 16.Rf3 Qd6 17.Bc4 b5 18.Bb3 Rfb8 19.Qf2 Bg4 20.Ne4 Qb4 21.Rxf7 
Bxd1 22.Rxg7+ Kxg7 23.Qf6+ Kh7 24.Qf7+ Kh8 25.Qf6+ Kh7 26.Qf7+ Kh8 27.Nd2 
Rf8 28.Qe6 Qg4 29.d6 Qxe6 30.Bxe6 cxd6 31.Bxh6 Rf6 32.Bd7 Nf4 33.Nf1 Ne2+ 
34.Kh1 Rxf1# 0-1

[Event "Nordkalottens Hurtigturnering-Gr2"]
[Site "Gilleleje, DEN"]
[Date "2022.11.06"]
[Round "5"]
[White "Knudsen, Jes Jacob West"]
[Black "Sørensen, Esben Lauge"]
[Result "1-0"]
[WhiteElo "1906"]
[BlackElo "1941"]

1.e4 e5 2.Bc4 Nf6 3.d3 c6 4.Bb3 Be7 5.f4 d6 6.Nf3 Nbd7 7.c3 Qc7 8.O-O exf4
9.Bxf4 O-O 10.Nbd2 Nc5 11.Bc2 Ne6 12.Be3 Ng4 13.Bf2 Nxf2 14.Rxf2 c5 15.d4 
Bf6 16.Qf1 cxd4 17.Rc1 dxc3 18.bxc3 Bd7 19.Nb3 Qxc3 20.e5 Bxe5 21.Bxh7+ 
Kxh7 22.Rxc3 Bxc3 23.Qd3+ g6 24.Qxc3 Rac8 25.Qd2 Rc6 26.Ng5+ Nxg5 27.Qxg5 
Bf5 28.h4 Re8 29.h5 Re5 30.Qf6 Re1+ 31.Kh2 Rc7 32.Rxf5 gxf5 33.h6 Re6 34.
Qg7# 1-0

[Event "Nordkalottens Hurtigturnering-Gr2"]
[Site "Gilleleje, DEN"]
[Date "2022.11.06"]
[Round "6"]
[White "Andersen, Peter Vestergaard"]
[Black "Ramkilde, Mikael"]
[Result "1-0"]
[WhiteElo "1766"]
[BlackElo "1871"]

1.e4 c5 2.Nf3 d6 3.d4 cxd4 4.Nxd4 Nf6 5.Nc3 a6 6.Be2 e5 7.Nb3 Be7 8.O-O 
Be6 9.Bg5 Nbd7 10.Bxf6 Nxf6 11.Kh1 O-O 12.f4 exf4 13.Rxf4 Qb6 14.Rf1 Rac8 
15.Qd4 Qc6 16.Bf3 Qc7 17.Rad1 Rfd8 18.Qe3 Re8 19.Rfe1 Ng4 20.Bxg4 Bxg4 21.
Rd2 Qd8 22.Qd3 Bg5 23.Rf2 Bh4 24.g3 Bf6 25.Nd4 Rc5 26.Ref1 Bh3 27.Rd1 Rh5 
28.Nd5 Be5 29.Qf3 Rh6 30.Nf5 Bxf5 31.exf5 Qg5 32.f6 Bxf6 33.Nxf6+ Rxf6 34.
Qg2 Rfe6 35.Rdf1 R8e7 36.Qf3 Re3 37.Qg2 h5 38.a4 Qe5 39.b3 Re1 40.Rxe1 
Qxe1+ 41.Rf1 Qe5 42.Qf3 Qc5 43.Rf2 Re1+ 44.Kg2 Re7 45.Re2 Rxe2+ 46.Qxe2 f6
47.h4 Kf7 48.Qd3 Qc6+ 49.Kf2 Qc5+ 50.Kg2 Qe5 51.Qc4+ d5 52.Qd3 Qe4+ 53.
Qxe4 dxe4 54.Kf2 f5 55.Ke3 Ke6 56.c4 Kd6 57.b4 Ke5 58.a5 g5 59.hxg5 h4 60.
gxh4 f4+ 61.Ke2 Kd4 62.g6 f3+ 63.Kf1 e3 64.g7 Kd3 65.g8=Q 1-0

[Event "Nordkalottens Hurtigturnering-Gr2"]
[Site "Gilleleje, DEN"]
[Date "2022.11.06"]
[Round "6"]
[White "Skovgaard, Ib"]
[Black "Fischer, Bent Bolvinkel"]
[Result "0-1"]
[WhiteElo "1802"]
[BlackElo "1898"]

1.Nf3 d5 2.c4 e6 3.g3 Nf6 4.Bg2 c6 5.cxd5 exd5 6.d4 Bf5 7.Nc3 h6 8.O-O 
Nbd7 9.Qb3 Qb6 10.Qxb6 axb6 11.Bf4 Be7 12.a4 O-O 13.Rfe1 Bb4 14.Ne5 Nxe5 
15.Bxe5 Ne4 16.Rec1 Nd2 17.Rd1 Nb3 18.Bxd5 Nxa1 19.Rxa1 Bxc3 20.bxc3 cxd5 
21.Bc7 Ra6 22.f3 Rc8 23.Bf4 Rxc3 24.e3 Rc4 25.g4 Bd7 0-1

[Event "Nordkalottens Hurtigturnering-Gr2"]
[Site "Gilleleje, DEN"]
[Date "2022.11.06"]
[Round "7"]
[White "Sørensen, Esben Lauge"]
[Black "Koch, Søren Andreas"]
[Result "0-1"]
[WhiteElo "1941"]
[BlackElo "2173"]

1.d4 Nf6 2.c4 d6 3.g3 e5 4.dxe5 dxe5 5.Qxd8+ Kxd8 6.Bg2 c6 7.Nf3 Nbd7 8.
O-O Bc5 9.b3 Re8 10.e3 e4 11.Nfd2 Bf8 12.Nc3 Nc5 13.Rd1 Bg4 14.f3 exf3 15.
Nxf3+ Kc7 16.h3 Bf5 17.Nd4 Bg6 18.e4 Rad8 19.Bf4+ Kc8 20.e5 Nfe4 21.Nxe4 
Nxe4 22.h4 Nc5 23.Bh3+ Ne6 24.Nxe6 fxe6 25.Bg5 Bc5+ 26.Kh2 Rd4 27.a3 Bf5 
28.b4 Bxh3 29.Kxh3 Bb6 30.c5 Rxd1 31.Rxd1 Bc7 32.Bf4 Rd8 33.Rxd8+ Kxd8 34.
Kg4 Ke8 35.h5 Kf7 36.Kf3 g6 37.Kg4 a5 38.Kh4 axb4 39.axb4 Kg7 40.Kg4 h6 
41.hxg6 Kxg6 42.Kf3 h5 43.Ke4 Bd8 44.Be3 Be7 45.Bf4 h4 46.gxh4 Bxh4 47.Bd2
Bf2 48.Bc3 Kg5 49.Bd2+ Kg4 50.Bc3 Bh4 51.Bd2 Be7 52.Bc3 Bg5 53.Be1 Bc1 54.
Bc3 Kg3 55.Be1+ Kg2 56.Bc3 Kf2 57.Kd3 Kf3 58.Bd4 Bh6 59.Bg1 Bf4 60.Kd4 Bg3
61.Be3 Be1 0-1

[Event "Nordkalottens Hurtigturnering-Gr2"]
[Site "Gilleleje, DEN"]
[Date "2022.11.06"]
[Round "7"]
[White "Ramkilde, Mikael"]
[Black "Skovgaard, Ib"]
[Result "1-0"]
[WhiteElo "1871"]
[BlackElo "1802"]

1.e4 Nf6 2.e5 Nd5 3.d4 d6 4.Nf3 dxe5 5.Nxe5 Be6 6.c4 Nb6 7.d5 Bf5 8.Qf3 
Bg6 9.h4 N8d7 10.Nxg6 hxg6 11.Nc3 Ne5 12.Qe4 Nbd7 13.Be2 c6 14.f4 Ng4 15.
Bxg4 Nf6 16.Qe2 cxd5 17.cxd5 e6 18.dxe6 Nxg4 19.exf7+ Kxf7 20.Qxg4 1-0

[Event "Nordkalottens Hurtigturnering-Gr2"]
[Site "Gilleleje, DEN"]
[Date "2022.11.06"]
[Round "7"]
[White "Fischer, Bent Bolvinkel"]
[Black "Nielsen, Kai Gylling"]
[Result "1-0"]
[WhiteElo "1898"]
[BlackElo "1759"]

1.e4 e5 2.Nf3 Nc6 3.Bc4 Be7 4.O-O Nf6 5.Re1 Nxe4 6.Bd5 Nf6 7.Bxc6 dxc6 8.
Nxe5 O-O 9.d4 Bd6 10.Bg5 h6 11.Bh4 Be6 12.Nc3 Be7 13.Bg3 Nd5 14.Ng6 Re8 
15.Nxe7+ Rxe7 16.Bh4 f6 17.Ne4 Bf5 18.f3 b6 19.c4 Nf4 20.Qd2 Ng6 21.Bg3 
Bxe4 22.fxe4 Qd7 23.Rad1 Rae8 24.Qc2 Qg4 25.b3 Rxe4 26.Rxe4 Rxe4 27.h3 Qe6
28.Bxc7 Nf4 29.Bxf4 Rxf4 30.d5 Qe3+ 31.Kh2 Rf2 32.Qg6 cxd5 33.cxd5 Rd2 34.
Rxd2 Qxd2 35.Qe8+ Kh7 36.Qe4+ Kg8 37.h4 Kf7 38.h5 Qg5 39.Qe6+ Kf8 40.d6 
Qxh5+ 41.Kg1 Qd1+ 42.Kf2 Qd2+ 43.Kf3 Qd3+ 44.Kg4 Qg6+ 45.Kf3 Qd3+ 46.Kf2 
Qd4+ 47.Kg3 Qd3+ 48.Kh2 Qd4 49.d7 Qf4+ 50.Kh3 Qb8 1-0